Economic behavior in political context (Record no. 57037)

000 -LEADER
fixed length control field 00393pab a2200157 454500
008 - FIXED-LENGTH DATA ELEMENTS--GENERAL INFORMATION
fixed length control field 180718b2003 xxu||||| |||| 00| 0 eng d
100 ## - MAIN ENTRY--PERSONAL NAME
Personal name Bartels, Larry M.
245 ## - TITLE STATEMENT
Title Economic behavior in political context
260 ## - PUBLICATION, DISTRIBUTION, ETC.
Date of publication, distribution, etc. 2003
300 ## - PHYSICAL DESCRIPTION
Extent p.156-61.
362 ## - DATES OF PUBLICATION AND/OR SEQUENTIAL DESIGNATION
Dates of publication and/or sequential designation May
650 ## - SUBJECT ADDED ENTRY--TOPICAL TERM
Topical term or geographic name entry element Economic behaviour
700 ## - ADDED ENTRY--PERSONAL NAME
Personal name Brady, Henry E.
773 ## - HOST ITEM ENTRY
Main entry heading American Economic Review
909 ## -
-- 57037
Holdings
Withdrawn status Lost status Damaged status Not for loan Permanent Location Current Location Date acquired Serial Enumeration / chronology Barcode Date last seen Price effective from Koha item type
        Indian Institute of Public Administration Indian Institute of Public Administration 2018-07-19 Volume no: 93, Issue no: 2 AR57482 2018-07-19 2018-07-19 Articles

Powered by Koha